Ethnic Groups in North Macedonia - Statistics

General Stats
  • This quiz has been taken 115 times
  • The average score is 5 of 7
Answer Stats
Hint Answer % Correct
29.52% Albanians
92%
54.21% Macedonians
90%
2.34% Roma
87%
1.18% Serbs
84%
3.98% Turks
81%
0.87% Bosniaks
39%
0.44% Vlachs
20%
No matching quizzes found
Score Distribution
Percent of People with Each Score
Percentile by Number Answered
Your Score History
You have not taken this quiz